000 00668nam a2200241 i 4500
001 C2-0285708
003 PPAK
005 20180728015332.0
008 080108s2005 nyua|||| ||||| | eng d
020 _a0590442945
040 _aPPAK
_beng
_cPPAK
_erda
082 0 4 _a428.6
_223
090 0 0 _a428.6
_bBRI
_dRLCK
100 1 _aBridwell, Norman,
_eauthor
245 1 0 _aClifford the small red puppy :
_btreasury
264 1 _aNew York :
_bScholastic Inc. ,
_c2005
300 _a208 pages :
_bcolour illustrations ;
_c23 cm
336 _2rdacontent
_atext
337 _2rdamedia
_aunmediated
338 _2rdacarrier
_avolume
650 1 0 _aReaders.
942 _ddc
_cB
999 _c91555
_d91555